[Event "XXIII Miedzynarodowy Festiwal Szachowy "]
[Site "Krakow, Hotel Galaxy  ul. Ges"]
[Date "2012.12.29"]
[Round "4.34"]
[White "Lada, Ireneusz"]
[Black "Carbonaro, Davidei"]
[Result "1-0"]
[WhiteElo "2003"]
[BlackElo "1608"]
[PlyCount "67"]
[EventDate "2012.??.??"]

1. c4 e5 2. Nc3 d6 3. Nf3 Nf6 4. g3 g6 5. Bg2 Bg7 6. O-O O-O 7. d3 c6 8. Bg5 h6
9. Bd2 Be6 10. b4 Qc8 11. a4 Bh3 12. b5 Bxg2 13. Kxg2 c5 14. e4 g5 15. h3 Re8
16. Ne2 Nbd7 17. g4 Nf8 18. Ng3 Ng6 19. Nf5 Qd7 20. Kh1 Nf4 21. Bxf4 exf4 22.
Qc2 Re6 23. Rg1 Rae8 24. Rgf1 Nxe4 25. dxe4 Rxe4 26. Kg2 Re2 27. Qd3 Bf8 28.
Rae1 Rxe1 29. Rxe1 Rxe1 30. Nxe1 Qe6 31. Nf3 b6 32. Nd2 h5 33. Ne4 hxg4 34.
hxg4 1-0

[Event "XXIII Miedzynarodowy Festiwal Szachowy "]
[Site "Krakow, Hotel Galaxy  ul. Ges"]
[Date "2012.12.29"]
[Round "4.38"]
[White "Dobrzanska, Joanna"]
[Black "Pietrucha, Jaroslaw"]
[Result "0-1"]
[WhiteElo "1552"]
[BlackElo "1835"]
[PlyCount "80"]
[EventDate "2012.??.??"]

1. e4 e5 2. Nf3 d6 3. d4 exd4 4. Nxd4 Nf6 5. Nc3 Be7 6. Bc4 Bd7 7. O-O Nc6 8.
Be3 O-O 9. h3 Nxd4 10. Bxd4 Bc6 11. Bd5 Nxd5 12. Nxd5 Bxd5 13. exd5 Bf6 14. c4
Re8 15. Qd3 Be5 16. Rfe1 Bxd4 17. Qxd4 Qd7 18. Qc3 b6 19. Rxe8+ Rxe8 20. Re1
Kf8 21. b3 Rxe1+ 22. Qxe1 Qf5 23. Qd1 Qe4 24. Kf1 h6 25. Kg1 Qf4 26. Qg4 Qxg4
27. hxg4 Ke7 28. f4 f5 29. gxf5 h5 30. Kf2 Kf6 31. Kf3 Kxf5 32. b4 a5 33. a3 h4
34. g3 hxg3 35. Kxg3 Ke4 36. Kg4 Kd4 37. Kg5 Kxc4 38. bxa5 bxa5 39. Kg6 Kxd5
40. Kxg7 Ke4 0-1

[Event "XXIII Miedzynarodowy Festiwal Szachowy "]
[Site "Krakow, Hotel Galaxy  ul. Ges"]
[Date "2012.12.29"]
[Round "4.39"]
[White "Klementys, Jerzy"]
[Black "Cebula, Alicja"]
[Result "1-0"]
[WhiteElo "1798"]
[BlackElo "1590"]
[PlyCount "89"]
[EventDate "2012.??.??"]

1. d4 Nf6 2. c4 g6 3. Nc3 Bg7 4. Nf3 O-O 5. e4 d6 6. g3 Nbd7 7. Bg2 e5 8. d5
Nc5 9. Qc2 a5 10. O-O Nfd7 11. Ne1 f5 12. f3 Nf6 13. Nd3 Na6 14. a3 c6 15. Be3
Qc7 16. Rac1 Bd7 17. b4 Nh5 18. b5 Nb8 19. a4 Qc8 20. Qb2 f4 21. Bf2 Bh3 22. c5
Bh6 23. Rc2 Bxg2 24. Kxg2 Nd7 25. cxd6 Rd8 26. dxc6 bxc6 27. Nd5 Qb7 28. bxc6
Qxb2 29. Rxb2 Ndf6 30. Ne7+ Kh8 31. Bc5 Bf8 32. Nxe5 Kg7 33. g4 Bxe7 34. dxe7
Re8 35. gxh5 Nxh5 36. Rd1 Rac8 37. Rbd2 Kf6 38. Rd8 Ng7 39. Rxc8 Rxc8 40. Rd8
Rc7 41. Bd6 Rxe7 42. Bxe7+ Kxe7 43. c7 Ne6 44. Nc6+ Kf7 45. c8=Q 1-0

[Event "XXIII Miedzynarodowy Festiwal Szachowy "]
[Site "Krakow, Hotel Galaxy  ul. Ges"]
[Date "2012.12.29"]
[Round "4.51"]
[White "Ujma, Czeslaw"]
[Black "Kolodziej, Krzysztof"]
[Result "0-1"]
[WhiteElo "1510"]
[BlackElo "1657"]
[PlyCount "78"]
[EventDate "2012.??.??"]

1. e4 c5 2. Nf3 d6 3. d4 cxd4 4. Nxd4 Nf6 5. Nc3 g6 6. Be2 Bg7 7. O-O O-O 8.
Be3 Nc6 9. Qd2 Ng4 10. Bxg4 Bxg4 11. f3 Bd7 12. Nxc6 bxc6 13. Kh1 Qa5 14. Bh6
Bxc3 15. bxc3 Rfb8 16. Qd4 f6 17. Qc4+ d5 18. exd5 cxd5 19. Qe2 e5 20. f4 Bb5
21. Qg4 f5 22. Qg5 Bxf1 23. Qf6 Bxg2+ 24. Kxg2 Qc7 25. fxe5 Qf7 26. Re1 Qxf6
27. exf6 Re8 28. Rd1 Kf7 29. Bg7 Rad8 30. Kf3 g5 31. Rb1 Rd7 32. h3 h5 33. Rg1
Kg6 34. Rd1 f4 35. h4 Re3+ 36. Kf2 g4 37. Re1 g3+ 38. Kf1 g2+ 39. Kf2 Rxe1 0-1

[Event "XXIII Miedzynarodowy Festiwal Szachowy "]
[Site "Krakow, Hotel Galaxy  ul. Ges"]
[Date "2012.12.29"]
[Round "4.52"]
[White "Kosztyla, Andrzej"]
[Black "Kucharska, Honorata"]
[Result "0-1"]
[WhiteElo "1647"]
[BlackElo "1558"]
[PlyCount "74"]
[EventDate "2012.??.??"]

1. e4 e6 2. d4 d5 3. exd5 exd5 4. Nf3 c5 5. c3 Nc6 6. Be3 c4 7. Be2 Nf6 8. Nbd2
Be7 9. O-O O-O 10. Bg5 h6 11. Bh4 Bf5 12. Re1 Qc7 13. Bg3 Qd8 14. Ne5 Nxe5 15.
Bxe5 Nd7 16. Bg3 Re8 17. Nf3 Nf8 18. Ne5 Ng6 19. Nxg6 Bxg6 20. Bh5 Bxh5 21.
Qxh5 Bf6 22. Rxe8+ Qxe8 23. Qxd5 Qe2 24. Qxb7 Re8 25. h3 Re7 26. Qb4 Re8 27. f3
Qd3 28. a3 Re2 29. Rf1 Bg5 30. b3 Be3+ 31. Bf2 Bxf2+ 32. Rxf2 Qe3 33. Qb8+ Kh7
34. Qg3 cxb3 35. Qh4 b2 36. Qe4+ Qxe4 37. fxe4 b1=Q+ 0-1

[Event "XXIII Miedzynarodowy Festiwal Szachowy "]
[Site "Krakow, Hotel Galaxy  ul. Ges"]
[Date "2012.12.30"]
[Round "5.1"]
[White "Stankiewicz, Pawel"]
[Black "Gora, Jan"]
[Result "1/2-1/2"]
[WhiteElo "2085"]
[BlackElo "2000"]
[PlyCount "61"]
[EventDate "2012.??.??"]

1. Nf3 d5 2. e3 c6 3. b3 Nf6 4. Bb2 g6 5. Ne5 Bg7 6. f4 O-O 7. Bd3 Nfd7 8. Be2
f6 9. Nxd7 Nxd7 10. O-O Nc5 11. c4 Bf5 12. g4 Bd3 13. Bd4 Bxe2 14. Qxe2 f5 15.
Bxg7 Kxg7 16. g5 d4 17. Qf2 Ne4 18. Qf3 d3 19. Qg2 e5 20. Nc3 Nxc3 21. dxc3 e4
22. h4 Qe7 23. Qd2 a5 24. Kf2 Rh8 25. Rh1 h6 26. Rag1 h5 27. Qb2 Qc5 28. a4
Rhd8 29. Rd1 Rac8 30. Rd2 Kh7 31. Ra1 1/2-1/2

[Event "XXIII Miedzynarodowy Festiwal Szachowy "]
[Site "Krakow, Hotel Galaxy  ul. Ges"]
[Date "2012.12.30"]
[Round "5.2"]
[White "Popiol, Michal"]
[Black "Reza, Wojciech"]
[Result "0-1"]
[WhiteElo "1859"]
[BlackElo "2079"]
[PlyCount "78"]
[EventDate "2012.??.??"]

1. c4 e5 2. Nc3 Nf6 3. e4 Bc5 4. d3 Nc6 5. Bg5 h6 6. Bh4 Nxe4 7. Qg4 Ng5 8.
O-O-O d6 9. Qg3 Nd4 10. f3 Nf5 11. Qe1 O-O 12. Bf2 Ne6 13. Kb1 a6 14. Bxc5 Nxc5
15. h4 b5 16. g4 Nd4 17. Bg2 Rb8 18. Nge2 Be6 19. Qf2 Nxe2 20. Qxe2 Qf6 21. g5
hxg5 22. hxg5 Qxg5 23. Ka1 bxc4 24. dxc4 f5 25. f4 exf4 26. Rh5 Qd8 27. Rdh1
Kf7 28. Bd5 Qf6 29. Qc2 Ke8 30. Bxe6 Nxe6 31. Nd5 Qe5 32. Rh8 Kf7 33. R8h5 Nd4
34. Qd2 Qe4 35. Nc3 Qe3 36. Qd1 f3 37. Nd5 Qe4 38. Nc3 Qe5 39. Re1 Qxe1 0-1

[Event "XXIII Miedzynarodowy Festiwal Szachowy "]
[Site "Krakow, Hotel Galaxy  ul. Ges"]
[Date "2012.12.30"]
[Round "5.3"]
[White "Mielczarek, Daniel"]
[Black "Zajac, Mateusz"]
[Result "0-1"]
[WhiteElo "1975"]
[BlackElo "1997"]
[PlyCount "80"]
[EventDate "2012.??.??"]

1. d4 Nf6 2. Nf3 g6 3. Bg5 Bg7 4. e3 O-O 5. Nbd2 d6 6. Bd3 Qe8 7. c3 e5 8. dxe5
dxe5 9. Bxf6 Bxf6 10. Qc2 Qe7 11. O-O-O Nd7 12. Rdg1 Nc5 13. Bc4 Bd7 14. h4 e4
15. Ng5 Bc6 16. g3 Nd3+ 17. Bxd3 exd3 18. Qxd3 Rad8 19. Qe2 Bxh1 20. Rxh1 Bxg5
21. hxg5 Qxg5 22. Qf3 Qd5 23. Qxd5 Rxd5 24. Ne4 Kg7 25. Rxh7+ Kxh7 26. Nf6+ Kh6
27. Nxd5 c6 28. Nf4 Kg5 29. Kd2 Kg4 30. Ke2 Rh8 31. Nd3 Rh1 32. Ne1 f6 33. Kd2
Kf5 34. Ke2 c5 35. Kd2 c4 36. Ke2 Ke4 37. Kd2 Rh5 38. Kd1 Ra5 39. a3 Rb5 40.
Kc1 Rf5 0-1

[Event "XXIII Miedzynarodowy Festiwal Szachowy "]
[Site "Krakow, Hotel Galaxy  ul. Ges"]
[Date "2012.12.30"]
[Round "5.4"]
[White "Muhtarov, Leonid"]
[Black "Suliborski, Jakub"]
[Result "1/2-1/2"]
[WhiteElo "2097"]
[BlackElo "1979"]
[PlyCount "181"]
[EventDate "2012.??.??"]

1. Nf3 Nf6 2. g3 g6 3. Bg2 Bg7 4. O-O O-O 5. c4 d6 6. Nc3 e5 7. d3 Nc6 8. Rb1
h6 9. b4 Be6 10. b5 Ne7 11. Nd2 Qc8 12. Re1 Nh7 13. Nd5 Bxd5 14. cxd5 f5 15. e3
g5 16. Bb2 g4 17. f4 Ng6 18. Qb3 h5 19. Nc4 Re8 20. Rbc1 Qd7 21. Na5 h4 22. a4
hxg3 23. hxg3 Nf6 24. Kf2 Rab8 25. Qc2 exf4 26. exf4 Rxe1 27. Rxe1 Kf7 28. Rc1
Ne8 29. Bxg7 Kxg7 30. Qc3+ Kf7 31. Qd4 b6 32. Nc6 Ra8 33. Re1 a6 34. bxa6 Rxa6
35. Nb8 Rxa4 36. Qb2 Qd8 37. Qe2 Ng7 38. Nc6 Qa8 39. Kg1 Ra2 40. Qe3 Qe8 41.
Qc1 Qh8 42. Ne5+ dxe5 43. Qxc7+ Kg8 44. Qd8+ Kh7 45. Qxh8+ Kxh8 46. fxe5 Rd2
47. Re3 f4 48. gxf4 Nxf4 49. Be4 g3 50. Rxg3 Ne2+ 51. Kf2 Nxg3+ 52. Kxg3 Kg8
53. Bg6 Kf8 54. Kf3 Ke7 55. Ke3 Rg2 56. Be4 Ra2 57. Kd4 Rc2 58. d6+ Ke6 59.
Bd5+ Kd7 60. Bb3 Nf5+ 61. Ke4 Nxd6+ 62. exd6 Rc3 63. Bc4 Kxd6 64. Kd4 Rc1 65.
Bb5 Rc5 66. Bc4 Rh5 67. Ba6 Rh4+ 68. Kc3 Kc5 69. Bb7 Ra4 70. Kb3 b5 71. Be4 Ra7
72. Bg6 Ra1 73. Be4 Kd4 74. Kb2 Re1 75. Kb3 Rb1+ 76. Kc2 Rb4 77. Bc6 Kc5 78.
Be4 Kb6 79. Kc3 Ka5 80. d4 Rc4+ 81. Kd3 Kb4 82. Bd5 Rc1 83. Bf3 Ka3 84. d5 b4
85. d6 Rc8 86. Kd4 b3 87. Kd5 b2 88. Be4 Kb4 89. d7 Rd8 90. Kd6 Rxd7+ 91. Kxd7
1/2-1/2

[Event "XXIII Miedzynarodowy Festiwal Szachowy "]
[Site "Krakow, Hotel Galaxy  ul. Ges"]
[Date "2012.12.30"]
[Round "5.5"]
[White "Sleczka, Bartosz"]
[Black "Slabek, Grzegorz"]
[Result "1/2-1/2"]
[WhiteElo "1920"]
[BlackElo "2074"]
[PlyCount "139"]
[EventDate "2012.??.??"]

1. e4 d5 2. exd5 Nf6 3. d4 Nxd5 4. c4 Nb6 5. Be3 e5 6. Nc3 exd4 7. Qxd4 Qxd4 8.
Bxd4 Nc6 9. Be3 Be6 10. O-O-O Nxc4 11. Nb5 Rc8 12. Bf4 Nd6 13. Nc3 Be7 14. Nf3
O-O 15. h3 Bf6 16. Kb1 Nb4 17. Nd4 Nd5 18. Nxd5 Bxd5 19. f3 Rfd8 20. Nc2 Be6
21. Bd3 Nc4 22. Bc1 c5 23. Rhe1 b5 24. b3 Nd6 25. Bf4 Rc6 26. Be4 Nxe4 27. fxe4
Rcc8 28. Ne3 Bc3 29. Rf1 c4 30. Nd5 Bxd5 31. exd5 Bb4 32. d6 Rd7 33. Rd5 a6 34.
Rc1 f6 35. bxc4 bxc4 36. Rd4 Kf7 37. Rcd1 Rc6 38. g4 Bc3 39. Re4 Be5 40. Bxe5
fxe5 41. Rxe5 Rdxd6 42. Rf1+ Rf6 43. Rd1 Rc7 44. Rd2 c3 45. Rde2 Rf3 46. Kc2 g6
47. R5e3 Rxe3 48. Rxe3 Kf6 49. h4 Rc4 50. Rg3 Ke5 51. h5 g5 52. Re3+ Kf4 53.
Re7 Kxg4 54. Rxh7 Rc8 55. a4 a5 56. h6 Kh5 57. Ra7 Kxh6 58. Ra6+ Kh5 59. Rxa5
Kh4 60. Ra7 g4 61. a5 g3 62. Rh7+ Kg4 63. Rg7+ Kf3 64. a6 Kf2 65. a7 g2 66.
Rf7+ Kg3 67. Rg7+ Kh2 68. Rh7+ Kg1 69. Rb7 Kf2 70. Rf7+ 1/2-1/2

[Event "XXIII Miedzynarodowy Festiwal Szachowy "]
[Site "Krakow, Hotel Galaxy  ul. Ges"]
[Date "2012.12.30"]
[Round "5.6"]
[White "Gawronski, Lukasz"]
[Black "Pastuszko, Kinga"]
[Result "1-0"]
[WhiteElo "2069"]
[BlackElo "1916"]
[PlyCount "89"]
[EventDate "2012.??.??"]

1. d4 f5 2. e4 fxe4 3. Nc3 Nf6 4. Bg5 Nc6 5. d5 Ne5 6. f4 Nf7 7. Qd4 e6 8. dxe6
dxe6 9. Qxd8+ Nxd8 10. Bxf6 gxf6 11. Nxe4 Kf7 12. Be2 Nc6 13. Bh5+ Kg7 14.
O-O-O f5 15. Ng5 Bd6 16. N1h3 Rf8 17. g4 Nb4 18. Rhg1 fxg4 19. Bxg4 Kh6 20.
Bxe6 Bxe6 21. Nxe6 Rf6 22. Nd4 Bxf4+ 23. Nxf4 Rxf4 24. a3 Nd5 25. Ne6 Rf6 26.
Rxd5 Rxe6 27. Rd3 Rg6 28. Rh3+ Kg7 29. Rd1 Rf8 30. Rd7+ Kg8 31. Rxc7 Rf2 32. b3
Rgg2 33. Rg3+ Rxg3 34. hxg3 Rg2 35. Rxb7 Rxg3 36. Rxa7 h5 37. Ra5 h4 38. Rh5 h3
39. a4 Kg7 40. a5 Kg6 41. Rh8 Rg5 42. Rxh3 Rxa5 43. Rf3 Kg5 44. Kb2 Kg4 45. Rf8
1-0

[Event "XXIII Miedzynarodowy Festiwal Szachowy "]
[Site "Krakow, Hotel Galaxy  ul. Ges"]
[Date "2012.12.30"]
[Round "5.7"]
[White "Horoschavina, Oksana"]
[Black "Jajte-pachota, Maciej"]
[Result "0-1"]
[WhiteElo "2063"]
[BlackElo "1835"]
[PlyCount "120"]
[EventDate "2012.??.??"]

1. e4 Nf6 2. e5 Nd5 3. c4 Nb6 4. c5 Nd5 5. Nc3 Nxc3 6. dxc3 Nc6 7. Nf3 e6 8.
Be3 b6 9. cxb6 axb6 10. Bd3 Ba6 11. O-O Bxd3 12. Qxd3 d6 13. Qe4 d5 14. Qg4 g6
15. Rfe1 h6 16. h4 Bg7 17. h5 g5 18. Bd2 b5 19. a4 bxa4 20. Rxa4 O-O 21. Rxa8
Qxa8 22. Bxg5 hxg5 23. h6 Nxe5 24. Nxe5 Bxh6 25. Nd7 Rd8 26. Ne5 Rf8 27. Nd7
Rd8 28. Nf6+ Kg7 29. Nh5+ Kg6 30. Nf4+ Kg7 31. Nh3 Rg8 32. f4 Qa7+ 33. Kh2 Qa4
34. Qg3 g4 35. Qxg4+ Kf8 36. Qh4 Rg6 37. Qf2 Rf6 38. Rf1 Qc4 39. Qh4 Kg7 40.
Rf3 Rg6 41. Qe1 Qc6 42. Qe5+ Kg8 43. Qh5 Qa6 44. Rg3 Rxg3 45. Kxg3 Qd3+ 46. Kh2
Kg7 47. Qe5+ Kg6 48. Qxc7 Qd2 49. Qb8 Kf5 50. Qe5+ Kg4 51. Ng5 Qxb2 52. Nxe6
Qd2 53. Ng5 f5 54. Nh3 Bxf4+ 55. Nxf4 Qxf4+ 56. Qxf4+ Kxf4 57. Kh3 Ke3 58. Kg3
Ke4 59. Kh4 Ke3 60. Kg5 Kd3 0-1

[Event "XXIII Miedzynarodowy Festiwal Szachowy "]
[Site "Krakow, Hotel Galaxy  ul. Ges"]
[Date "2012.12.30"]
[Round "5.8"]
[White "Iivonen, Markku"]
[Black "Klimentov, Evgeny"]
[Result "1/2-1/2"]
[WhiteElo "2049"]
[BlackElo "1896"]
[PlyCount "71"]
[EventDate "2012.??.??"]

1. e4 c5 2. Nf3 Nc6 3. d4 cxd4 4. Nxd4 e5 5. Nf3 Nf6 6. Bc4 Nxe4 7. Bxf7+ Kxf7
8. Qd5+ Ke8 9. Qxe4 d5 10. Qa4 e4 11. Ne5 Qa5+ 12. Qxa5 Nxa5 13. O-O Bd6 14. f4
Nc6 15. Nc3 Nxe5 16. fxe5 Bc5+ 17. Kh1 Be6 18. Bg5 h5 19. Bh4 Bd4 20. Nxd5 Bxd5
21. Rfd1 Bxb2 22. Rab1 Bc4 23. Rxb2 b5 24. Bf2 Ke7 25. c3 Ke6 26. g4 Rhd8 27.
Rd4 Rxd4 28. Bxd4 a5 29. Kg2 Rf8 30. a3 a4 31. Rf2 Rxf2+ 32. Kxf2 Kd5 33. Ke3
g6 34. e6 Kxe6 35. Kxe4 Bd5+ 36. Kf4 1/2-1/2

[Event "XXIII Miedzynarodowy Festiwal Szachowy "]
[Site "Krakow, Hotel Galaxy  ul. Ges"]
[Date "2012.12.30"]
[Round "5.9"]
[White "Francuzov, Alexander"]
[Black "Gumularz, Szymon"]
[Result "1/2-1/2"]
[WhiteElo "2019"]
[BlackElo "1762"]
[PlyCount "87"]
[EventDate "2012.??.??"]

1. f4 d5 2. Nf3 Nf6 3. c3 c5 4. Qc2 Nc6 5. d3 e6 6. e4 b6 7. e5 Nd7 8. d4 Bb7
9. Bb5 Rc8 10. Bxc6 Bxc6 11. O-O Be7 12. Be3 h6 13. f5 Nf8 14. Nbd2 exf5 15.
Qxf5 Qd7 16. Qc2 Ne6 17. Rf2 O-O 18. Nf1 cxd4 19. cxd4 Bb5 20. Qd2 Bxf1 21.
Raxf1 Kh7 22. h3 Rc7 23. g4 Qd8 24. Rc1 Rxc1+ 25. Qxc1 Qd7 26. Qc2+ Kg8 27. Qf5
Qa4 28. b3 Qb4 29. Rc2 Ng5 30. Bxg5 Bxg5 31. Kg2 a5 32. h4 g6 33. Qd7 Rd8 34.
Qc6 Be7 35. h5 Kg7 36. hxg6 fxg6 37. Qe6 Rf8 38. Rc6 Qb5 39. Qxe7+ Rf7 40.
Rxg6+ Kxg6 41. Nh4+ Kg7 42. Nf5+ Kh8 43. Qh4 Qe2+ 44. Kg1 1/2-1/2

[Event "XXIII Miedzynarodowy Festiwal Szachowy "]
[Site "Krakow, Hotel Galaxy  ul. Ges"]
[Date "2012.12.30"]
[Round "5.11"]
[White "Kyc, Jerzy"]
[Black "Puczylowski, Marcin"]
[Result "1/2-1/2"]
[WhiteElo "1782"]
[BlackElo "1991"]
[PlyCount "49"]
[EventDate "2012.??.??"]

1. e4 c5 2. Nf3 Nc6 3. d4 cxd4 4. Nxd4 g6 5. Nc3 Bg7 6. Be3 Nf6 7. Nxc6 bxc6 8.
e5 Ng8 9. f4 f6 10. f5 fxe5 11. fxg6 d5 12. Qh5 h6 13. O-O-O Qc7 14. Bg5 Bd7
15. Nxd5 cxd5 16. Rxd5 Nf6 17. Rxd7 Nxd7 18. Qf3 O-O-O 19. Qa8+ Nb8 20. Ba6+
Kd7 21. Bb5+ Kc8 22. Ba6+ Kd7 23. Bb5+ Kc8 24. Ba6+ Kd7 25. Bb5+ 1/2-1/2

[Event "XXIII Miedzynarodowy Festiwal Szachowy "]
[Site "Krakow, Hotel Galaxy  ul. Ges"]
[Date "2012.12.30"]
[Round "5.12"]
[White "Matysiak, Samuel"]
[Black "Parol, Pawel"]
[Result "0-1"]
[WhiteElo "1811"]
[BlackElo "1984"]
[PlyCount "54"]
[EventDate "2012.??.??"]

1. Nf3 e6 2. b3 Be7 3. Bb2 Bf6 4. d4 d5 5. e3 Ne7 6. Nbd2 c5 7. c4 Nbc6 8. Rc1
cxd4 9. Nxd4 Nxd4 10. Bxd4 Bxd4 11. exd4 dxc4 12. Rxc4 Bd7 13. Rc2 Bc6 14. Nf3
Nf5 15. Rd2 Qa5 16. Be2 Bxf3 17. Bxf3 Nxd4 18. Bxb7 Rd8 19. f4 O-O 20. Be4 Nb5
21. Qc2 Rd4 22. Bxh7+ Kh8 23. Bd3 Na3 24. Qc1 Rxd3 25. Ke2 Qxd2+ 26. Qxd2 Rxd2+
27. Kxd2 Rc8 0-1

[Event "XXIII Miedzynarodowy Festiwal Szachowy "]
[Site "Krakow, Hotel Galaxy  ul. Ges"]
[Date "2012.12.30"]
[Round "5.14"]
[White "Bartoszewicz, Marcin"]
[Black "Kudas, Damian"]
[Result "1-0"]
[WhiteElo "1937"]
[BlackElo "2083"]
[PlyCount "59"]
[EventDate "2012.??.??"]

1. e4 c5 2. Nf3 d6 3. d4 cxd4 4. Nxd4 Nf6 5. Nc3 Nc6 6. Bc4 Qb6 7. Nb3 Ng4 8.
O-O Nge5 9. Be3 Qd8 10. Be2 e6 11. f4 Ng6 12. Qd2 Be7 13. Rad1 a6 14. Bf3 O-O
15. g3 Qc7 16. h4 Rd8 17. Qf2 Re8 18. Bb6 Qb8 19. h5 Nf8 20. g4 Nd7 21. Be3 b5
22. e5 d5 23. g5 Nf8 24. Kg2 Bb7 25. Rh1 Nxe5 26. fxe5 Qxe5 27. Qd2 Red8 28.
Bf4 Bxg5 29. Bxe5 Bxd2 30. Rxd2 1-0

[Event "XXIII Miedzynarodowy Festiwal Szachowy "]
[Site "Krakow, Hotel Galaxy  ul. Ges"]
[Date "2012.12.30"]
[Round "5.15"]
[White "Jopek, Krzysztof"]
[Black "Kalinina, Marianna"]
[Result "0-1"]
[WhiteElo "1868"]
[BlackElo "2051"]
[PlyCount "110"]
[EventDate "2012.??.??"]

1. d4 f5 2. g3 Nf6 3. Bg2 d6 4. Nf3 g6 5. O-O Bg7 6. c4 O-O 7. Nc3 c6 8. d5 e5
9. dxe6 Bxe6 10. Bf4 Ne8 11. Qa4 Na6 12. Ng5 Nc5 13. Nxe6 Nxa4 14. Nxd8 Nxc3
15. bxc3 Rxd8 16. Rab1 Rf7 17. Rb3 Be5 18. Be3 a6 19. Rd1 Rdd7 20. Bd4 Rfe7 21.
Rb2 Kf7 22. Rbd2 Bf6 23. h4 Be5 24. Bf3 Nf6 25. Kg2 Ke8 26. Rd3 Kd8 27. Be3 Kc7
28. Bg5 Re8 29. Be3 Rf7 30. c5 d5 31. Bd4 Nd7 32. R3d2 Bg7 33. Rb1 Bf8 34. Rdb2
Rb8 35. Be3 Nxc5 36. c4 dxc4 37. Rd2 Rd8 38. Rc2 b5 39. Bg5 Re8 40. Rd1 Rd7 41.
Rdc1 Ne4 42. Bf4+ Bd6 43. Bh6 Be5 44. a4 Kb6 45. g4 Red8 46. gxf5 gxf5 47. Bh5
Rd1 48. Rxd1 Rxd1 49. f3 Nd6 50. axb5 cxb5 51. Bf8 Ra1 52. e3 f4 53. exf4 Bxf4
54. Bg4 Kc5 55. Be6 Rd1 0-1

[Event "XXIII Miedzynarodowy Festiwal Szachowy "]
[Site "Krakow, Hotel Galaxy  ul. Ges"]
[Date "2012.12.30"]
[Round "5.16"]
[White "Kasperek, Joanna"]
[Black "Kuspak, Aleksander"]
[Result "1/2-1/2"]
[WhiteElo "2032"]
[BlackElo "1918"]
[PlyCount "53"]
[EventDate "2012.??.??"]

1. e4 c5 2. Nf3 e6 3. d4 cxd4 4. Nxd4 a6 5. c4 d6 6. Nc3 Nf6 7. Bd3 g6 8. O-O
Bg7 9. Be3 O-O 10. Qe2 b6 11. f4 Nbd7 12. Rad1 Bb7 13. Nb3 Qc7 14. h3 Nc5 15.
Nxc5 bxc5 16. Qf2 Rac8 17. g4 Qc6 18. Kh2 Nd7 19. Ne2 Bxb2 20. Ng3 Bg7 21. f5
exf5 22. gxf5 Be5 23. Bh6 Nf6 24. Bf4 Rfe8 25. Bc2 Red8 26. Kh1 Re8 27. Kh2
1/2-1/2

[Event "XXIII Miedzynarodowy Festiwal Szachowy "]
[Site "Krakow, Hotel Galaxy  ul. Ges"]
[Date "2012.12.30"]
[Round "5.17"]
[White "Gora, Antonina"]
[Black "Staroszczyk, Mateusz"]
[Result "1/2-1/2"]
[WhiteElo "1842"]
[BlackElo "2026"]
[PlyCount "75"]
[EventDate "2012.??.??"]

1. e4 g6 2. d4 Bg7 3. Nf3 d6 4. Nc3 Nd7 5. Bd3 e5 6. Be3 Ne7 7. O-O O-O 8. Qd2
exd4 9. Nxd4 Ne5 10. Be2 N7c6 11. h3 Nxd4 12. Bxd4 Nc6 13. Bxg7 Kxg7 14. Nd5
Be6 15. f4 f6 16. Rf3 Qd7 17. Raf1 Rae8 18. Ne3 Bg8 19. Bd3 a6 20. Rg3 b5 21.
Nf5+ Kh8 22. Nh6 Qg7 23. Nf5 Qd7 24. Nh6 Qg7 25. Nxg8 Kxg8 26. a4 Nd4 27. c3
Nb3 28. Qc2 bxa4 29. Bxa6 Nc5 30. Bc4+ Kh8 31. Bd5 f5 32. exf5 Rxf5 33. Bc6
Ref8 34. Rgf3 g5 35. fxg5 Rxf3 36. Rxf3 Rxf3 37. Bxf3 Qxg5 38. Qe2 1/2-1/2

[Event "XXIII Miedzynarodowy Festiwal Szachowy "]
[Site "Krakow, Hotel Galaxy  ul. Ges"]
[Date "2012.12.30"]
[Round "5.18"]
[White "Marczuk, Anna"]
[Black "Rzeznik, Lukasz"]
[Result "0-1"]
[WhiteElo "1674"]
[BlackElo "1989"]
[PlyCount "56"]
[EventDate "2012.??.??"]

1. e4 c5 2. Nf3 e6 3. d4 cxd4 4. Nxd4 Nf6 5. Nc3 d6 6. Be3 Be7 7. Qd2 Ng4 8.
Be2 Nxe3 9. Qxe3 Nc6 10. Nb3 a6 11. Qg3 O-O 12. O-O-O b5 13. f4 b4 14. Nb1 Bd7
15. Nd4 Qa5 16. Qb3 Rfc8 17. Nxc6 Bxc6 18. Rd4 Ba4 19. Qd3 Rxc2+ 20. Qxc2 Bxc2
21. Kxc2 Bf6 22. Rc4 d5 23. exd5 exd5 24. Rc6 Qa4+ 25. b3 Qxc6+ 26. Kd2 Rc8 27.
Bd3 Bc3+ 28. Kd1 Qb6 0-1

[Event "XXIII Miedzynarodowy Festiwal Szachowy "]
[Site "Krakow, Hotel Galaxy  ul. Ges"]
[Date "2012.12.30"]
[Round "5.19"]
[White "Kardys, Zbigniew"]
[Black "Mika, Andrzej"]
[Result "1-0"]
[WhiteElo "1978"]
[BlackElo "1811"]
[PlyCount "87"]
[EventDate "2012.??.??"]

1. e4 d5 2. exd5 Nf6 3. Bb5+ Bd7 4. Bc4 Bg4 5. f3 Bc8 6. Nc3 a6 7. a4 Nbd7 8.
a5 b5 9. axb6 cxb6 10. Qe2 Nb8 11. Ne4 Bb7 12. Nxf6+ gxf6 13. Qe4 e6 14. Ne2
Bxd5 15. Bxd5 Qxd5 16. Qxd5 exd5 17. Nf4 Nd7 18. Nxd5 Bd6 19. d4 O-O 20. Bf4
Bxf4 21. Nxf4 b5 22. Nd5 Ra7 23. Kf2 Kg7 24. Ra5 Rd8 25. Nb4 Nb8 26. c3 Rd6 27.
Rha1 Rb6 28. f4 f5 29. Re1 Nc6 30. Nxc6 Rxc6 31. Re5 b4 32. Rec5 Rxc5 33. dxc5
bxc3 34. bxc3 Kf6 35. Ke3 Ke6 36. Kd4 f6 37. g3 h6 38. c4 h5 39. c6 Kd6 40.
Rxf5 Kxc6 41. Rxf6+ Kc7 42. Rf7+ Kb6 43. Rxa7 Kxa7 44. f5 1-0

[Event "XXIII Miedzynarodowy Festiwal Szachowy "]
[Site "Krakow, Hotel Galaxy  ul. Ges"]
[Date "2012.12.30"]
[Round "5.20"]
[White "Gregulski, Zbigniew"]
[Black "Markiewicz, Mateusz"]
[Result "0-1"]
[WhiteElo "1841"]
[BlackElo "2069"]
[PlyCount "96"]
[EventDate "2012.??.??"]

1. d4 f5 2. e4 fxe4 3. Nc3 Nf6 4. f3 d5 5. Bg5 Bf5 6. Qe2 e6 7. fxe4 dxe4 8.
O-O-O Nbd7 9. h3 Be7 10. g4 Bg6 11. Bg2 Nd5 12. Bxe7 Nxc3 13. Bxd8 Nxe2+ 14.
Nxe2 Rxd8 15. Nf4 Ke7 16. Nxg6+ hxg6 17. Bxe4 c6 18. Bxg6 Rh6 19. Be4 Rdh8 20.
Bg2 Nf8 21. Rhf1 g5 22. Rde1 Ng6 23. Rf2 Nf4 24. Re5 Rf6 25. Kd2 Nxh3 26. Rxf6
Kxf6 27. Bxh3 Rxh3 28. Re3 Rh4 29. Rf3+ Ke7 30. Rg3 Rh1 31. Rb3 b6 32. Re3 Ra1
33. a3 Rb1 34. Kc3 Rg1 35. Re4 Kd6 36. Kb3 Kd5 37. Re5+ Kxd4 38. Rxg5 e5 39.
Rg8 e4 40. g5 e3 41. Rd8+ Ke4 42. Re8+ Kf3 43. Rf8+ Ke2 44. Rg8 Kd2 45. Rd8+
Ke1 46. Rg8 e2 47. g6 Kd1 48. Rd8+ Kc1 0-1

[Event "XXIII Miedzynarodowy Festiwal Szachowy "]
[Site "Krakow, Hotel Galaxy  ul. Ges"]
[Date "2012.12.30"]
[Round "5.21"]
[White "Grochulski, Grzegorz"]
[Black "Hodorowicz, Kamil"]
[Result "1-0"]
[WhiteElo "2067"]
[BlackElo "1841"]
[PlyCount "53"]
[EventDate "2012.??.??"]

1. e4 c6 2. Nc3 d5 3. Nf3 dxe4 4. Nxe4 Nf6 5. Nxf6+ exf6 6. d4 Bf5 7. Bf4 Be7
8. Qd2 O-O 9. O-O-O Nd7 10. h4 Nb6 11. h5 Nd5 12. Nh4 Bb4 13. c3 Nxc3 14. Nxf5
Nxa2+ 15. Kb1 Bxd2 16. Bxd2 a5 17. Rh3 Nb4 18. Rg3 g6 19. Bc4 Nd5 20. Rh1 Qd7
21. Bd3 Ne7 22. Nxe7+ Qxe7 23. hxg6 fxg6 24. Bc4+ Kh8 25. Re3 Qd7 26. Be6 Qd6
27. Rxh7+ 1-0

[Event "XXIII Miedzynarodowy Festiwal Szachowy "]
[Site "Krakow, Hotel Galaxy  ul. Ges"]
[Date "2012.12.30"]
[Round "5.22"]
[White "Zaboklicki, Zbigniew"]
[Black "Lada, Ireneusz"]
[Result "1-0"]
[WhiteElo "1835"]
[BlackElo "2003"]
[PlyCount "105"]
[EventDate "2012.??.??"]

1. d4 d6 2. e4 g6 3. Nf3 Bg7 4. Bc4 Nf6 5. Nc3 O-O 6. O-O e6 7. Bb3 b6 8. h3
Bb7 9. Re1 h6 10. Bf4 d5 11. exd5 Nxd5 12. Nxd5 exd5 13. Qd2 Kh7 14. Re3 Nd7
15. c3 Nf6 16. Rae1 Ne4 17. Qc1 Rc8 18. Rd1 a5 19. Nd2 Qh4 20. Rf3 f5 21. Bg3
Qg5 22. Bf4 Qe7 23. Re3 Qh4 24. Bg3 Qd8 25. f4 h5 26. Nf3 Bh6 27. Bh2 Qf6 28.
h4 Rce8 29. Ng5+ Kh8 30. Bc2 Re7 31. Rde1 Bg7 32. Nf3 Kh7 33. Ng5+ Kg8 34. Nf3
c5 35. Ne5 cxd4 36. cxd4 Rc8 37. Qd1 Rec7 38. Bxe4 fxe4 39. Rg3 Qxh4 40. Nxg6
Qf6 41. Ne5 Qh4 42. Ng6 Qd8 43. Ne5 Qe8 44. f5 Rc6 45. Qd2 Kh7 46. Rxg7+ Kxg7
47. Qg5+ Kh7 48. f6 R6c7 49. Bf4 Kh8 50. Ng6+ Kg8 51. Ne7+ Kf7 52. Qg6+ Ke6 53.
f7+ 1-0